[Event "Valencia-chA"]
[Site "Mislata"]
[Date "2003.11.08"]
[Round "5"]
[White "Villajos Librado, Angel"]
[Black "Cabello Navarro, Antonio"]
[Result "1-0"]
[WhiteElo "2120"]
[BlackElo "2046"]
[PlyCount "64"]
[EventDate "2003.10.11"]
[EventType "swiss"]
[EventRounds "9"]
[EventCountry "ESP"]
[SourceTitle "CBM 097 Extra"]
[Source "ChessBase"]
[SourceDate "2004.01.13"]
[SourceVersion "1"]
[SourceVersionDate "2004.01.13"]
[SourceQuality "1"]

1. d4 d5 2. c4 e6 3. Nc3 c6 4. Nf3 f5 5. cxd5 cxd5 6. g3 Nf6 7. Bg2 Be7 8. 0-0 0-0 9. Ne5 Nbd7 10. Nd3 Ne4 11. Nxe4 dxe4 12. Nf4 Nf6 13. Qb3 Qd6 14. e3 Nd5 15. Nxd5 exd5 16. Bd2 Bd7 17. Rfc1 b5 18. Ba5 Rfc8 19. a3 a6 20. Bb4 Qe6 21. Bxe7 Qxe7 22. Qxd5+ Be6 23. Qe5 Rd8 24. Rc7 Qf6 25. Qxf6 gxf6 26. Rac1 Rac8 27. f3 Rxc7 28. Rxc7 Bd5 29. Kf2 Rd6 30. Bh3 b4 31. Bxf5 exf3 32. Bxh7+ Kf8 1-0

[Event "Valencia-chA"]
[Site "Mislata"]
[Date "2003.10.25"]
[Round "3"]
[White "Defez Gomez, Juan Francisco"]
[Black "Cabello Navarro, Antonio"]
[Result "1-0"]
[WhiteElo "2186"]
[BlackElo "2046"]
[PlyCount "63"]
[EventDate "2003.10.11"]
[EventType "swiss"]
[EventRounds "9"]
[EventCountry "ESP"]
[SourceTitle "CBM 097 Extra"]
[Source "ChessBase"]
[SourceDate "2004.01.13"]
[SourceVersion "1"]
[SourceVersionDate "2004.01.13"]
[SourceQuality "1"]

1. d4 d5 2. Nf3 c6 3. Bf4 Bf5 4. Nbd2 e6 5. e3 Bd6 6. Ne5 f6 7. Nd3 e5 8. dxe5 fxe5 9. Bxe5 Bxe5 10. Nxe5 Nf6 11. Bd3 Be6 12. Qe2 Qb6 13. 0-0-0 Nbd7 14. Nxd7 Bxd7 15. h3 0-0-0 16. Nf3 Rde8 17. c4 dxc4 18. Bxc4 Qc5 19. Kb1 Ne4 20. Rc1 Rhf8 21. Bd3 Qa5 22. Bxe4 Rxe4 23. Nd4 Bf5 24. Ka1 Qe5 25. Rhd1 Re8 26. Rxc6+ bxc6 27. Qa6+ Kc7 28. Qxa7+ Kc8 29. Qa6+ Kc7 30. Qxc6+ Kb8 31. Qb6+ Ka8 32. Nc6 1-0

[Event "Autonomico-chT"]
[Site "Aragon"]
[Date "2003.??.??"]
[Round "?"]
[White "Bixquert Jimenez, Francisco"]
[Black "Cabello Navarro, Antonio"]
[Result "0-1"]
[WhiteElo "2131"]
[BlackElo "2053"]
[PlyCount "84"]
[EventDate "2003.??.??"]
[EventType "team"]
[EventRounds "9"]
[EventCountry "ESP"]
[SourceTitle "EXT 2007"]
[Source "ChessBase"]
[SourceDate "2006.11.23"]
[SourceVersion "1"]
[SourceVersionDate "2006.11.23"]
[SourceQuality "1"]

1. d4 d5 2. Nf3 Nf6 3. c4 e6 4. Nc3 c6 5. e3 Nbd7 6. Qc2 Bd6 7. Be2 0-0 8. 0-0 Re8 9. Rd1 h6 10. h3 Nh7 11. e4 dxe4 12. Nxe4 Ndf6 13. Nxd6 Qxd6 14. Bd3 Nf8 15. c5 Qc7 16. Ne5 Nd5 17. a3 Qe7 18. Bf1 Nd7 19. Nc4 e5 20. b4 exd4 21. Bb2 Qg5 22. Nd6 Re7 23. Bxd4 N7f6 24. Bxf6 Nxf6 25. Re1 Rxe1 26. Rxe1 Bxh3 27. Qb3 Be6 28. Rxe6 fxe6 29. Qxe6+ Kh7 30. Bd3+ g6 31. Qe7+ Kg8 32. Bc4+ Nd5 33. Qf7+ Kh8 34. Ne8 Qe7 35. Nd6 Qxf7 36. Nxf7+ Kg7 37. Nd6 Rb8 38. Kf1 Nc7 39. a4 Ne8 40. Ne4 Rd8 41. b5 Rd4 42. bxc6 bxc6 0-1

[Event "Mislata op 09th"]
[Site "Mislata"]
[Date "2000.08.24"]
[Round "8"]
[White "Braga, Fernando Alberto"]
[Black "Cabello Navarro, Antonio"]
[Result "1-0"]
[WhiteElo "2455"]
[BlackElo "2081"]
[PlyCount "91"]
[EventDate "2000.08.17"]
[EventType "swiss"]
[EventRounds "9"]
[EventCountry "ESP"]
[SourceTitle "EXT 2001"]
[Source "ChessBase"]
[SourceDate "2000.11.22"]
[SourceVersion "1"]
[SourceVersionDate "2000.11.22"]
[SourceQuality "1"]

1. Nf3 Nc6 2. e4 e5 3. Bb5 a6 4. Ba4 Bc5 5. 0-0 d6 6. c3 b5 7. Bb3 Bg4 8. Bd5 Nge7 9. Bxf7+ Kd7 10. h3 Qf8 11. hxg4 Qxf7 12. d4 exd4 13. cxd4 Bb6 14. Be3 Ng6 15. Nc3 h6 16. Rc1 Nce7 17. e5 d5 18. Ne1 Raf8 19. Nd3 Nc6 20. Ne2 h5 21. Nef4 Nxf4 22. Nxf4 Nxd4 23. Qxd4 Bxd4 24. e6+ Kd6 25. exf7 Rxf7 26. Ng6 Bxe3 27. Nxh8 Rxf2 28. Rxf2 Bxc1 29. Rc2 Be3+ 30. Kf1 hxg4 31. Ke2 Bb6 32. b4 a5 33. a3 axb4 34. axb4 d4 35. Kd3 c5 36. bxc5+ Bxc5 37. Nf7+ Kd5 38. Ng5 Ba3 39. Ne4 Ke5 40. Rc7 g6 41. g3 g5 42. Rb7 b4 43. Rb5+ Ke6 44. Nd2 Kf6 45. Nc4 Bc1 46. Rxb4 1-0